Behavioral Risk Management Managing the Psychology that Drives Decisions and Influences Operational Risk

Gespeichert in:
Bibliographische Detailangaben
1. Verfasser: Shefrin, Hersh
Format: Buch
Sprache:Englisch
Veröffentlicht: Basingstoke Palgrave Macmillan 2016
Schlagworte:
Tags: Tag hinzufügen
Keine Tags, Fügen Sie das erste Tag hinzu!

MARC

LEADER 00000nam a2200000 4500
001 0269436
005 20240312115436.3
020 |a 978-1-137-44560-5 
041 0 |a eng 
044 |a GB 
245 1 0 |a Behavioral Risk Management  |b Managing the Psychology that Drives Decisions and Influences Operational Risk  |c Hersh Shefrin 
264 1 |a Basingstoke  |b Palgrave Macmillan  |c 2016 
300 |a 518 s. 
610 2 0 |a správanie 
610 2 0 |a riziko 
610 2 0 |a riadenie rizík 
610 2 0 |a psychológia 
610 2 0 |a rozhodovanie 
100 1 |a Shefrin, Hersh